The digital takeover (Record no. 84695)

MARC details
000 -LEADER
fixed length control field 00529cab a22001815a 4500
001 - CONTROL NUMBER
control field L158788
008 - FIXED-LENGTH DATA ELEMENTS--GENERAL INFORMATION
fixed length control field 150723e2015 xxk 000 0 eng d
035 ## - SYSTEM CONTROL NUMBER
System control number (Sirsi) u158788
041 0# - LANGUAGE CODE
Language code of text/sound track or separate title eng
100 1# - MAIN ENTRY--PERSONAL NAME
Personal name Capelhorn, Peter
245 04 - TITLE STATEMENT
Title The digital takeover
490 ## - SERIES STATEMENT
Series statement RICS Building Control
Volume/sequential designation April 2015- May 2015, 6-7(2)
520 ## - SUMMARY, ETC.
Summary, etc. Peter Capelhorn traces the technological progression to building information modelling
650 24 - SUBJECT ADDED ENTRY--TOPICAL TERM
Topical term or geographic name entry element BIM
9 (RLIN) 6219
651 #4 - SUBJECT ADDED ENTRY--GEOGRAPHIC NAME
Geographic name United Kingdom
Chronological subdivision
690 ## - LOCAL SUBJECT ADDED ENTRY--TOPICAL TERM (OCLC, RLIN)
Topical term or geographic name as entry element Building
9 (RLIN) 1694
942 ## - ADDED ENTRY ELEMENTS (KOHA)
Suppress in OPAC 0
Holdings
Withdrawn status Lost status Source of classification or shelving scheme Damaged status Not for loan Home library Current library Shelving location Date acquired Total Checkouts Full call number Barcode Date last seen Copy number Price effective from Koha item type
    Dewey Decimal Classification     London London Journals 23/07/2015   L158788 158788-1001 06/08/2019 1 06/08/2019 Journal article